Aktuality výpočetní techniky Měřící a zkušební techniky

Gespeichert in:
Bibliographische Detailangaben
Format: Buch
Sprache:Tschechisch
Veröffentlicht: Praha Výskumný ústav finanční a úvěrové soustavy 1979
Tags: Tag hinzufügen
Keine Tags, Fügen Sie das erste Tag hinzu!

MARC

LEADER 00000nam a2200000 4500
001 0222622
005 20240822101701.2
041 0 |a cze 
044 |a CZ 
245 1 0 |a Aktuality výpočetní techniky  |b Měřící a zkušební techniky 
264 1 |a Praha  |b Výskumný ústav finanční a úvěrové soustavy  |c 1979 
300 |a 133 s.